000 00508nam a2200097Ia 4500
008 180130s9999 xx 000 0 und d
245 _cNicopolitidis, P.; Christidis, K.; Papadimitriou, G.I.; Sarigiannidis, P.G.; Pomportsis, A.S.
_aPerformance evaluation of acoustic underwater data broadcasting exploiting the bandwidth-distance relationship
260 _c2016
300 _aBook title: Mobile telecommunications technology--Acession number C20743; pages 56-58
650 _aMOBILE TELECOMMUNICATIONS TECHNOLOGY
999 _c354005
_d354005